Donald Trump or Jack Donaghy? Quiz Stats

 Plays Quiz Updated Jan 20, 2017

Support Sporcle.
Go Orange.
Score 0/20 Timer 04:00
0 Plays Today
Quote Trump (t) or Donaghy (d)? % Correct
Every April 22nd I honor Richard Nixon's death by getting drunk and making some unpopular decisions.???
85.9%
I like thinking big. If you're going to be thinking anything, you might as well think big.???
83.5%
Typical liberal media. That's why I get all my news from Dick Cheney's website, dickviews.com.???
81.2%
Yes, my daughter is Canadian-American, but I'm going to treat her just like a human baby???
81.2%
I'll most likely sue her for making those false statements.. and it'll be fun.???
78.7%
I appreciate that, but if you ever speak ill of Reagan again, I will smack those teeth straight.???
75.8%
I think Ronald Reagan was one of the great presidents, period???
75.2%
I like when a woman has ambition. It’s like seeing a dog wearing clothes.???
75.2%
The point is that you can't be too greedy.???
74.9%
The Italians have a saying: 'Keep your friends close and your enemies closer.' And, although they've never won a war or mass-produced a decent car, in this area they are correct.'???
74.2%
Quote Trump (t) or Donaghy (d)? % Correct
Remarkable people, the Blacks -- musical, very athletic, not very good swimmers. Again, l'm talking about the family. ???
72.8%
If you're interested in 'balancing' work and pleasure, stop trying to balance them. Instead make your work more pleasurable. ???
72.2%
Everything in life is luck.???
71.6%
I'd never been to an audition before, it was upsetting. A grotesque carnival of human misery.???
69.8%
You know how the media are. They wait for a mistake and that's all you are. It happened to Hitler. No one ever talks about his paintings.???
66.9%
I have a great relationship with the blacks.???
65.4%
I think Les Moonves is the most highly overrated person in television.???
63.9%
Letting morality get in the way of making money. I might as well go and be a teacher.???
63.4%
(He) is a man who is certain about what he wants and sets out to get it, no holds barred. Women find his power almost as much of a turn-on as his money. ???
62.8%
Do you mind if I sit back a little? Because your breath is very bad.???
51.2%

You're not logged in!

Compare scores with friends on all Sporcle quizzes.
OR
Log In
Forgot?

From the Vault

Anyone but Warren G. Harding

by lolshortee

It's hard out here for a Harding.
Remove Ads.
Support Sporcle.
Get the best of Sporcle when you Go Orange. This ad-free experience offers more features, more stats, and more fun while also helping to support Sporcle. Thank you for becoming a member.

Show Comments

Extras

Top Quizzes Today


Score Distribution

Your Account Isn't Verified!

In order to create a playlist on Sporcle, you need to verify the email address you used during registration. Go to your Sporcle Settings to finish the process.

Report this User

Report this user for behavior that violates our Community Guidelines.

Details: